000 00748cam a22002411 4500
001 w 33000020
003 DLC
005 20260227112808.0
008 770628s1933 xx 000 0 eng
010 _aw 33000020
035 _a(OCoLC)3077510
040 _aDLC
_cOTU
_dDLC
042 _apremarc
050 0 0 _aD209
_b.C45
100 1 _aClough, Shepard B.
_q(Shepard Bancroft),
_d1901-1990.
245 1 0 _aVisual outline of modern history,
_cby S. B. Clough.
260 _aNew York,
_aToronto,
_bLongmans, Green and co.
_c[c1933]
300 _a2 v.
_c22 cm.
490 0 _aStudents outline series
500 _aAlternate leaves blank.
650 0 _aHistory, Modern
_xOutlines, syllabi, etc.
651 0 _aEurope
_xHistory
_xOutlines, syllabi, etc.
999 _c92081
_d92081